Indian theism: (Record no. 22339)

MARC details
000 -LEADER
fixed length control field 00996nam a22003011 4500
001 - CONTROL NUMBER
control field 2647074
003 - CONTROL NUMBER IDENTIFIER
control field BDDh-ASL
005 - DATE AND TIME OF LATEST TRANSACTION
control field 20231015030123.0
008 - FIXED-LENGTH DATA ELEMENTS--GENERAL INFORMATION
fixed length control field 681209s1968 ii b 000 0 eng
010 ## - LIBRARY OF CONGRESS CONTROL NUMBER
LC control number sa 68006727
025 ## - OVERSEAS ACQUISITION NUMBER
Overseas acquisition number PL480:I-E-9861
040 ## - CATALOGING SOURCE
Original cataloging agency DLC
Transcribing agency DLC
Modifying agency DLC
-- BDDh-ASL
050 00 - LIBRARY OF CONGRESS CALL NUMBER
Classification number BL2003
Item number .M3 1968
082 00 - DEWEY DECIMAL CLASSIFICATION NUMBER
Classification number 954.2113
Item number MAR
100 1# - MAIN ENTRY--PERSONAL NAME
Personal name Macnicol, Nicol,
Dates associated with a name 1870-1952.
245 10 - TITLE STATEMENT
Title Indian theism:
Remainder of title from the Vedic to the Muhammadan period /
250 ## - EDITION STATEMENT
Edition statement [2d ed.]
260 ## - PUBLICATION, DISTRIBUTION, ETC.
Place of publication, distribution, etc. Delhi:
Name of publisher, distributor, etc. Munshiram Manoharlal
Date of publication, distribution, etc. [1968]
300 ## - PHYSICAL DESCRIPTION
Extent xv, 292 p. :
Dimensions 22 cm.
350 ## - PRICE (NR) (BK AM CF MU VM SE) [OBSOLETE]
Price Rs 20
490 0# - SERIES STATEMENT
Series statement The religious quest of India
500 ## - GENERAL NOTE
General note "The greater part of this book was submitted as a thesis for the degree of doctor of letters of the University of Glasgow."
504 ## - BIBLIOGRAPHY, ETC. NOTE
Bibliography, etc. note Bibliography: p. [282]-284. Bibliographical footnotes.
650 #0 - SUBJECT ADDED ENTRY--TOPICAL TERM
Topical term or geographic name entry element Theism.
651 #0 - SUBJECT ADDED ENTRY--GEOGRAPHIC NAME
Geographic name India
General subdivision Religion.
906 ## - LOCAL DATA ELEMENT F, LDF (RLIN)
a 7
b cbc
c orignew
d u
e ncip
f 19
g y-gencatlg
942 ## - ADDED ENTRY ELEMENTS (KOHA)
Source of classification or shelving scheme Dewey Decimal Classification
Koha item type Books
Holdings
Withdrawn status Lost status Source of classification or shelving scheme Damaged status Not for loan Collection code Home library Current library Shelving location Date acquired Source of acquisition Total Checkouts Full call number Barcode Date last seen Copy number Price effective from Koha item type Public note
    Dewey Decimal Classification Damaged   Non-fiction Asiatic Society Library Asiatic Society Library General Stacks 02/24/2021 ASB Library Collections   954.2113 MAR 106551 02/24/2021 C-1 02/24/2021 Books RARE

Powered by Koha